|
|
|
|
| LEADER |
00000nab a2200000 a 4500 |
| 001 |
vtls008183270 |
| 003 |
SK-MaSNL |
| 005 |
20260304144843.0 |
| 008 |
250505c2005 xo mr|p|||||||000 b|slo |
| 015 |
|
|
|a SNBRB2005/07
|2 snkbucl
|
| 035 |
|
|
|a (uuid)bebf2bd9-bf0f-41ce-bcea-d3c8a2d7c5b2
|
| 035 |
|
|
|a urn:nbn:sk:snk-abes74
|
| 035 |
|
|
|a (urnnbn)urn:nbn:sk:snk:ar-006zfj
|
| 038 |
|
|
|a SNKBUCL
|
| 040 |
|
|
|a SNKBUCL
|b slo
|c SNKBUCL
|e AACR2
|
| 041 |
0 |
|
|a slo
|
| 044 |
|
|
|a xo
|c SK
|
| 080 |
|
|
|a 639.111.1
|x (437.6)
|2 1997
|
| 100 |
1 |
|
|a Lehocký, Marcel
|4 aut
|9 363688
|
| 245 |
1 |
0 |
|a Jesenná úroda v CHPO Poľana
|c Marcel Lehocký
|
| 300 |
|
|
|b Fotogr.
|
| 648 |
|
7 |
|a 2004
|2 snkbucl
|9 303492
|
| 650 |
0 |
7 |
|a jelenia zver
|2 snkbucl
|9 2770
|
| 650 |
0 |
7 |
|a lov zveri
|2 snkbucl
|9 2772
|
| 651 |
|
7 |
|a Chránená poľovná oblasť Poľana (Slovensko)
|2 snkbucl
|9 1035557
|
| 773 |
0 |
|
|t Poľovníctvo a rybárstvo
|g Roč. 57, č. 1 (2005), s. 10-11
|x 0231-8768
|
| 850 |
|
|
|a Slovenská národná knižnica
|
| 852 |
|
|
|a Slovenská národná knižnica
|
| 954 |
|
|
|a odborná, vedecká literatúra pôvodná (slovenská)
|2 lita
|
| 958 |
|
|
|a article27
|
| 958 |
|
|
|a OND
|
| 958 |
|
|
|a EUIPO
|
| 999 |
|
|
|c 2933639
|d 2935569
|